twenty one pilots: Holding Onto You Lyrics - Statistics

General Stats
  • This quiz has been taken 720 times
  • The average score is 33 of 50
Answer Stats
Hint Answer % Correct
I'm _______ over my body, taking
93%
I bet a lot of me was ______, lost
86%
You should take my __________. soul
79%
You should take my __________, life
77%
_______, Swat
75%
I must've _______, you can't ______ me, forgot, trust
74%
and the ________ unfolds, story
74%
And it seems a lot like _______ is all I got, flesh
73%
Take the pain, ________ it, ignite
72%
And ____ be holding onto ___ (2x) I'll, you
72%
___________? Right
72%
Ts ________ and Is ___________, uncrossed, undotted
72%
Not ______, _______ out the door. anymore, flesh
71%
_______ it, Fight
71%
It probably happens at _______, night
71%
Tie a _______ around your mind noose
71%
And I have news for you: you must ________ me." obey
70%
You are ____________ all my ______________, surrounding, surroundings
70%
You are ___________ all my ______________, surrounding, surroundings
70%
You are ____________ all my ______________, surrounding, surroundings
70%
You are ___________ all my ______________, surrounding, surroundings
70%
Back in ________, no more ________, control, shotty
69%
'Cause the next ________, moment
69%
Sounding down the _____________ _____ of my ____-______ ______, mountain range, left-side brain
69%
Sounding down the _____________ _____ of my ____-______ ______, mountain range, left-side brain
69%
To a _______. Tell it, "You _______ to me. tree, belong
69%
This ain't a noose, this is a _________. leash
67%
I ________ it a lot fought
66%
You think _____ about your _______, twice, life
66%
________ with it, _______ with it, Lean, rock
64%
When we gonna _______ ______ __, stop with it
64%
And the _________ ______ looks really nice, right? window sill
64%
_____________ my faith (10x) Entertain
63%
You know _________ where you're going, exactly
63%
And I'll be _______ onto you (8x) holding
63%
________ that mean nothing, Lyrics
63%
Loose enough to ________ fine and tie it breathe
62%
And it's ________ still, frozen
62%
Before you know it, I'm ______ ___ _____, lost at sea
61%
I'm _____ a moment and ________ when you show it, open, close
61%
Twisting the _______________ behind both of my ______. kaleidoscope, eyes
60%
Twisting the _______________ behind both of my ______ kaleidoscope, eyes
60%
_________ the moment Remember
59%
We were _________ with ________, gifted, thought
58%
Is it ____ to ________ _____ _______ time, move our feet
57%
To an ___________ beat, introspective
56%
And now that I _______ and think about it, write
54%
It's our ____________ that make the _______ hearts, beat
53%
Before you know it, time is ____________ slowing
48%
It ain't the __________ that ______ _______, speakers, bump hearts
40%
No matching quizzes found
Score Distribution
Percent of People with Each Score
Percentile by Number Answered
Your Score History
You have not taken this quiz